Loading...
| Science - Biology | 0 | 6 | 5 | 0 | 35 | 39 | 71.67 | 1 | 1 |
| Science - Physics | 0 | 3 | 0 | 1 | 30 | 80 | 106.67 | 1 | 2 |
| History - World History | 0 | 3 | 0 | 0 | 30 | 97 | 109.00 | 0 | 0 |
| Social Science | 0 | 3 | 0 | 1 | 30 | 119 | 129.00 | 0 | 0 |
| Science - Other Science | 0 | 4 | 3 | 0 | 25 | 66 | 92.75 | 1 | 1 |
| Literature - World Literature | 0 | 2 | 0 | 0 | 20 | 104 | 105.50 | 0 | 0 |
| History - American History | 0 | 2 | 0 | 0 | 20 | 106 | 115.50 | 0 | 0 |
| History - European History | 0 | 3 | 2 | 0 | 20 | 92 | 107.33 | 0 | 0 |
| Science - Chemistry | 0 | 2 | 1 | 0 | 15 | 82 | 95.50 | 0 | 0 |
| Painting & Sculpture | 0 | 1 | 0 | 0 | 10 | 123 | 123.00 | 0 | 0 |
| Any History | 0 | 1 | 0 | 0 | 10 | 128 | 128.00 | 0 | 0 |
| Other Academic | 0 | 1 | 0 | 1 | 10 | 147 | 147.00 | 0 | 0 |
| Fine Arts - Classical Music | 0 | 1 | 0 | 0 | 10 | 116 | 116.00 | 0 | 0 |
| Current Events | 0 | 1 | 0 | 0 | 10 | 29 | 29.00 | 1 | 1 |
| Geography | 0 | 1 | 3 | 0 | -5 | 96 | 96.00 | 0 | 0 |